Word Ladder: Vanessa Williams #1 Quiz Stats

 Plays Quiz Updated Jun 5, 2018

Challenge
Share
Tweet
Embed
Score 0/14 Timer 01:30
0 Plays Today
Clue 4-Letter Word % Correct
Fine dispersion of water in airMIST
94.9%
Opposite of hitMISS
93.9%
Tie up with ropeBIND
92.2%
Need for a julepMINT
91.1%
The state of intellectual consciousnessMIND
91.1%
Of sound mindSANE
90.6%
Mrs. Harry TrumanBESS
83.3%
Clue 4-Letter Word % Correct
StyMESS
83.2%
Chicago, e.g.BAND
82.1%
Make smoothSAND
81.9%
♪ [Rung 1] the ____ for [Rung 9] ♪♪ BEST ♪
76.9%
For fear thatLEST
75.6%
♪ ____ the [Rung 7] for [Rung 9] ♪♪ SAVE ♪
68.2%
♪ [Rung 1] the [Rung 7] for ____♪ LAST ♪
66.8%

Today's Daily Dose

Missing Word
Hayao Miyazaki

Word Ladder
Florida

On This Day
December 13th II

You're not logged in!

Compare scores with friends on all Sporcle quizzes.
OR
Log In

You Might Also Like...

Show Comments

Extras

Top Quizzes Today


Score Distribution

Your Account Isn't Verified!

In order to create a playlist on Sporcle, you need to verify the email address you used during registration. Go to your Sporcle Settings to finish the process.

Report this User

Report this user for behavior that violates our Community Guidelines.

Details: